[Event "European Rapid 2022"]
[Site "Katowice POL"]
[Date "2022.12.18"]
[Round "10.93"]
[White "Quilter, Thomas A"]
[Black "Drazic, Sinisa"]
[Result "1/2-1/2"]
[WhiteTitle "CM"]
[BlackTitle "GM"]
[WhiteElo "2162"]
[BlackElo "2372"]
[WhiteFideId "408530"]
[BlackFideId "901172"]
[EventDate "2022.12.17"]

1. e4 e6 2. Qe2 Nf6 3. e5 Nd5 4. d4 b5 5. a4 b4 6. g3 Ba6 7. Qe4 Bxf1 8. Kxf1 c5
9. c4 bxc3 10. Nxc3 Nc6 11. Nf3 Nxc3 12. bxc3 cxd4 13. cxd4 Nb4 14. a5 Be7 15.
Kg2 O-O 16. h4 Nd5 17. Ba3 Bxa3 18. Rxa3 f5 19. exf6 Qxf6 20. Rf1 h6 21. Ne5 Qe7
22. Rb3 Qd6 23. Rd1 Rab8 24. Rxb8 Rxb8 25. Rd3 Nf6 26. Qf4 Qd5+ 27. Rf3 Rb3 28.
g4 d6 29. Ng6 Rxf3 30. Qxf3 Qxd4 31. Qa8+ Kf7 32. Nh8+ Ke7 33. Ng6+ Kf7 34. Nh8+
Ke7 35. Ng6+ Kf7 1/2-1/2

[Event "European Rapid 2022"]
[Site "Katowice POL"]
[Date "2022.12.18"]
[Round "10.94"]
[White "Trushko, Andrii"]
[Black "Klenburg, Michael"]
[Result "0-1"]
[BlackTitle "IM"]
[WhiteElo "2006"]
[BlackElo "2347"]
[WhiteFideId "14172887"]
[BlackFideId "14102072"]
[EventDate "2022.12.17"]

1. d4 d6 2. e4 Nf6 3. f3 Nbd7 4. c4 e5 5. d5 Be7 6. Be3 Nh5 7. Qd2 h6 8. g4 Nf4
9. Ne2 Bh4+ 10. Kd1 Nxe2 11. Bxe2 Nf8 12. Nc3 Ng6 13. Kc2 Bg5 14. b4 O-O 15. Bd3
Bd7 16. a4 a5 17. b5 b6 18. Rag1 Nh4 19. Qf2 Qf6 20. Be2 g6 21. Nd1 Kg7 22. Nb2
Rh8 23. Nd3 Bxe3 24. Qxe3 g5 25. Ne1 Rag8 26. Ng2 Ng6 27. Qd2 Kf8 28. Ne3 Nf4
29. Bf1 h5 30. h3 Rh6 31. Rh2 Rgh8 32. Rgh1 Qg6 33. Kb3 Qh7 34. Qc2 Ke7 35. Ka2
Kd8 36. Kb2 Kc8 37. Ka2 Kb7 38. Kb2 Qg7 39. Kb3 R8h7 40. Qf2 Qh8 41. Qg3 Qf6 42.
Kc2 Ng6 43. Be2 Qf4 44. Qf2 hxg4 45. fxg4 Qxe4+ 46. Bd3 Qd4 47. Qf3 Qc5 48. Bxg6
Rxg6 49. Rf2 Qa3 0-1

[Event "European Rapid 2022"]
[Site "Katowice POL"]
[Date "2022.12.18"]
[Round "10.95"]
[White "Diermair, Andreas"]
[Black "Klepek, Witold"]
[Result "1-0"]
[WhiteTitle "GM"]
[WhiteElo "2446"]
[BlackElo "2216"]
[WhiteFideId "1612468"]
[BlackFideId "1175068"]
[EventDate "2022.12.17"]

1. d4 Nf6 2. c4 d5 3. Nc3 e6 4. Nf3 Bb4 5. cxd5 exd5 6. Bg5 h6 7. Bh4 O-O 8. e3
Bf5 9. Be2 Nbd7 10. Qb3 Bxc3+ 11. Qxc3 g5 12. Bg3 Rc8 13. Nd2 Re8 14. b4 h5 15.
f3 Qe7 16. Bf2 Nf8 17. O-O Ng6 18. Rae1 g4 19. Kh1 h4 20. fxg4 Bxg4 21. Bxg4
Nxg4 22. e4 dxe4 23. Rxe4 Qd7 24. Bg1 f5 25. Rxe8+ Rxe8 26. Qf3 f4 27. Ne4 Kg7
28. Nc5 Qf5 29. Qxb7 Re7 30. Qf3 Nf6 31. a3 Ne4 32. Nxe4 Rxe4 33. h3 Qe6 34. Qc3
Kh6 35. Qxc7 Re1 36. Rxe1 Qxe1 37. Qc6 Qd1 38. a4 Kg5 39. a5 Ne7 40. Qf3 Qxf3
41. gxf3 a6 42. b5 axb5 43. a6 Nd5 44. a7 Nc7 45. d5 Kf6 46. Bd4+ Ke7 47. Be5
Na8 48. Bxf4 b4 49. Be5 b3 50. f4 b2 51. Bxb2 Kd6 52. f5 Kxd5 53. f6 Ke6 54. Kg2 1-0

[Event "European Rapid 2022"]
[Site "Katowice POL"]
[Date "2022.12.18"]
[Round "10.96"]
[White "Mitusov, Semen"]
[Black "Martinkus, Rolandas"]
[Result "1-0"]
[WhiteTitle "IM"]
[BlackTitle "FM"]
[WhiteElo "2397"]
[BlackElo "1985"]
[WhiteFideId "14151049"]
[BlackFideId "12800481"]
[EventDate "2022.12.17"]

1. e4 e5 2. Nf3 Nc6 3. Bb5 a6 4. Ba4 Nf6 5. O-O Nxe4 6. d4 b5 7. Bb3 d5 8. dxe5
Be6 9. c3 Bc5 10. Nbd2 O-O 11. Bc2 Nxf2 12. Rxf2 f6 13. exf6 Qxf6 14. Qf1 Bxf2+
15. Qxf2 Rae8 16. Qg3 Bf5 17. Bb3 Kh8 18. Nf1 Be4 19. Bg5 Qg6 20. N1d2 Na5 21.
Rf1 Nxb3 22. axb3 Bd3 23. Re1 Qb6+ 24. Kh1 Rxe1+ 25. Qxe1 Qg6 26. h3 Be4 27. Bh4
h6 28. Nxe4 dxe4 29. Nd2 Re8 30. Bf2 e3 31. Bxe3 Qc2 32. Qg3 Qd3 33. Bf4 Qxg3
34. Bxg3 Re2 35. Nf3 c5 36. b4 cxb4 37. cxb4 Rxb2 38. Bd6 Ra2 39. Bc7 Kg8 40.
Ne5 Kf8 41. Nd7+ Ke7 42. Nb8 Rc2 43. Ba5 1-0

[Event "European Rapid 2022"]
[Site "Katowice POL"]
[Date "2022.12.18"]
[Round "10.97"]
[White "Stremavicius, Pijus"]
[Black "Kolodziejski, Piotr"]
[Result "1-0"]
[WhiteTitle "FM"]
[WhiteElo "2369"]
[BlackElo "2091"]
[WhiteFideId "12812730"]
[BlackFideId "21840962"]
[EventDate "2022.12.17"]

1. d4 Nf6 2. c4 e6 3. g3 d5 4. Nf3 b6 5. cxd5 exd5 6. Bg2 Bd6 7. O-O O-O 8. Nc3
c6 9. Bg5 h6 10. Bxf6 Qxf6 11. e4 dxe4 12. Nxe4 Qe7 13. Re1 Be6 14. Ne5 Rd8 15.
Qc2 Bd5 16. Rad1 Bxe5 17. dxe5 Nd7 18. f4 Nc5 19. Nd6 Bxg2 20. Kxg2 Qc7 21. b4
Nb7 22. Ne4 c5 23. bxc5 bxc5 24. Qc3 Rxd1 25. Rxd1 Rd8 26. Rc1 Qc6 27. Qf3 Rd4
28. Nf6+ 1-0

[Event "European Rapid 2022"]
[Site "Katowice POL"]
[Date "2022.12.18"]
[Round "10.98"]
[White "Yao, Lan"]
[Black "Fistek, Dariusz"]
[Result "0-1"]
[WhiteTitle "WIM"]
[WhiteElo "2271"]
[BlackElo "2158"]
[WhiteFideId "8610835"]
[BlackFideId "1132210"]
[EventDate "2022.12.17"]

1. e4 c5 2. Nf3 d6 3. d4 cxd4 4. Nxd4 Nf6 5. Nc3 Nc6 6. Bg5 e6 7. f3 a6 8. Qd2
Bd7 9. O-O-O Be7 10. h4 h6 11. Be3 h5 12. Bg5 b5 13. Nxc6 Bxc6 14. Ne2 Qc7 15.
Nd4 Bb7 16. Kb1 Rc8 17. Bd3 O-O 18. Rh3 Kh8 19. Bh6 Rg8 20. Rg3 g6 21. Bg5 Nh7
22. f4 Nxg5 23. hxg5 e5 24. Ne2 exf4 25. Nxf4 Qc5 26. Rh1 Kg7 27. Qe2 Qe5 28.
Nxh5+ gxh5 29. Qf3 Rh8 30. Rgh3 h4 31. Rf1 Rcf8 32. Qe2 Bc8 33. Rhh1 Bxg5 34.
Rf2 Be6 35. Rhf1 f6 36. Qe1 Rc8 37. Qa5 Rc6 38. a4 bxa4 39. Qb4 Qc5 40. Qxa4 Rb8
41. e5 Qxe5 42. b3 Rcb6 43. Re2 Qd5 44. Kb2 Rb4 45. Qa2 Qd4+ 46. Kb1 Bxb3 47.
Re7+ Bf7+ 0-1

[Event "European Rapid 2022"]
[Site "Katowice POL"]
[Date "2022.12.18"]
[Round "10.99"]
[White "Reza, Wojciech"]
[Black "Adamczewski, Maciej"]
[Result "1/2-1/2"]
[WhiteTitle "FM"]
[WhiteElo "2290"]
[BlackElo "2071"]
[WhiteFideId "1151967"]
[BlackFideId "1148702"]
[EventDate "2022.12.17"]

1. c4 Nf6 2. Nf3 d6 3. Nc3 g6 4. g3 Bg7 5. Bg2 O-O 6. O-O c5 7. d4 Nc6 8. dxc5
dxc5 9. Be3 Qa5 10. Qb3 Qb4 11. Nd5 Nxd5 12. cxd5 Qxb3 13. axb3 Nd4 14. Bxd4
cxd4 15. Rfd1 Bd7 16. Nxd4 Rfc8 17. e3 a6 18. d6 e5 19. Ne2 Rab8 20. Nc3 Bf8 21.
Rd2 Kg7 22. h3 h5 23. Bf1 Rc6 24. Rad1 Rd8 25. b4 b5 26. Ne4 Bf5 27. Nc5 Rdxd6
28. Bg2 Rb6 29. Rd5 f6 30. Rxd6 Bxd6 31. Ra1 Bc8 32. h4 f5 33. e4 f4 34. Kh2
fxg3+ 35. Kxg3 Rc6 36. Rc1 Kf7 37. Bf1 Ke7 38. Rc3 Bg4 39. Ra3 Bc8 40. Rc3 Bg4
41. Ra3 Bc8 42. Rc3 Bg4 1/2-1/2

[Event "European Rapid 2022"]
[Site "Katowice POL"]
[Date "2022.12.18"]
[Round "10.100"]
[White "Kukula, Pawel"]
[Black "Dragicevic, Drazen"]
[Result "1/2-1/2"]
[BlackTitle "FM"]
[WhiteElo "2135"]
[BlackElo "2345"]
[WhiteFideId "1115081"]
[BlackFideId "1707922"]
[EventDate "2022.12.17"]

1. d4 Nf6 2. c4 g6 3. Nc3 d5 4. cxd5 Nxd5 5. Bd2 Bg7 6. e4 Nb6 7. Be3 O-O 8. Qd2
Nc6 9. O-O-O e5 10. d5 Nd4 11. f3 c6 12. dxc6 bxc6 13. h4 Be6 14. Kb1 Qe7 15. h5
Rfd8 16. Qc1 Qb4 17. hxg6 hxg6 18. Bh6 Bh8 19. Bd2 Na4 20. Nge2 Rab8 21. Nxa4
Bxa2+ 22. Kxa2 Qxa4+ 23. Kb1 Nb3 24. Qc3 Nd4 25. Rc1 Rb3 26. Nxd4 Rxc3 27. Bxc3
exd4 28. Bd2 Rb8 29. Bc4 d3 30. Rxh8+ Kxh8 31. Bc3+ Kg8 32. Rh1 Qc2+ 33. Ka1
Qa4+ 34. Kb1 Qc2+ 35. Ka1 Kf8 36. Rh8+ Ke7 37. Rxb8 Qd1+ 38. Ka2 Qa4+ 39. Kb1
Qxc4 40. Rb7+ Ke6 41. Rxa7 d2 42. Kc2 d1=Q+ 43. Kxd1 Qd3+ 44. Bd2 Qf1+ 45. Kc2
Qxg2 46. Ra3 Qe2 47. Rc3 Qb5 48. Bc1 Qa4+ 49. Kb1 Qb5 50. Kc2 Kf6 51. Bd2 g5 52.
b4 Ke6 53. Rc5 Qa4+ 54. Kd3 f6 55. Ke2 Qa6+ 56. Ke3 Qa4 57. Ke2 Kd7 58. Rf5 Qa1
59. Rc5 Qb1 60. Ke3 Qg1+ 61. Ke2 Qg2+ 62. Ke3 Qg3 63. Ke2 Qh2+ 64. Ke3 Qh1 65.
Rf5 Qg1+ 66. Kd3 Qf1+ 67. Ke3 Qa1 68. Kd3 Qb1+ 69. Ke3 Qb3+ 70. Ke2 Ke6 71. Rc5
Qa4 72. Ra5 Qb3 73. Rc5 Kd7 74. Rf5 Qb2 75. Kd3 Qb1+ 76. Ke2 g4 77. fxg4 Qxe4+
78. Kf1 Qc4+ 79. Ke1 Qe4+ 80. Kf1 Qd3+ 81. Ke1 Qg3+ 82. Kf1 Qh3+ 83. Ke1 Qh4+
84. Kf1 Qxg4 85. Rxf6 Qd1+ 86. Be1 Qd3+ 87. Kg1 Qe3+ 88. Kf1 Qh3+ 89. Ke2 Qh5+
90. Rf3 Ke6 91. Bd2 Kd5 92. Ke3 Qe5+ 93. Kf2 Qd4+ 94. Ke2 Qc4+ 95. Kf2 Qc2 96.
Ke2 Qe4+ 97. Re3 Qg2+ 98. Kd3 Qf1+ 99. Kc2 Qf5+ 100. Kc3 Qf6+ 101. Kd3 Qh4 102.
Kc2 Qc4+ 103. Kd1 Qa2 104. Ke2 Qb1 105. Rd3+ Kc4 106. Rc3+ Kb5 107. Rc5+ Kb6
108. Ra5 Kc7 109. Rc5 1/2-1/2

[Event "European Rapid 2022"]
[Site "Katowice POL"]
[Date "2022.12.18"]
[Round "11.1"]
[White "Yuffa, Daniil"]
[Black "Navara, David"]
[Result "1/2-1/2"]
[WhiteTitle "GM"]
[BlackTitle "GM"]
[WhiteElo "2587"]
[BlackElo "2684"]
[WhiteFideId "24131423"]
[BlackFideId "309095"]
[EventDate "2022.12.17"]

1. d4 Nf6 2. c4 e6 3. g3 d5 4. Bg2 Be7 5. Nf3 O-O 6. Qc2 c5 7. dxc5 d4 8. b4 a5
9. b5 Bxc5 10. Nbd2 Nbd7 11. Nb3 Bb4+ 12. Bd2 Bxd2+ 13. Nfxd2 e5 14. a4 Qc7 15.
O-O Nb6 16. Rfc1 Be6 17. Qb2 Rfd8 18. Qa3 Bg4 19. Qc5 Rdc8 20. Qxc7 Rxc7 21. f4
exf4 22. gxf4 Bxe2 23. Nxd4 Rd8 24. c5 Rxd4 25. cxb6 Rxc1+ 26. Rxc1 g6 27. Nb3
Rxa4 28. Bxb7 Rb4 29. Bc6 Bxb5 30. Nxa5 Ba6 31. b7 Bxb7 32. Nxb7 Rxf4 33. Nd6
Kg7 34. Rd1 Ng4 35. Bb5 Ne3 36. Re1 Nf5 37. Nxf5+ Rxf5 38. Bc4 Rf4 39. Bd3 h5
40. Kg2 h4 41. Be4 f5 42. Bf3 Rb4 43. Kf2 Rb2+ 44. Be2 Kf6 45. Rc1 g5 46. Rc6+
Ke5 47. Rc5+ Kf6 48. Rc6+ Ke5 49. Rc5+ Kf6 50. Rc6+ Ke5 51. Rc5+ 1/2-1/2

[Event "European Rapid 2022"]
[Site "Katowice POL"]
[Date "2022.12.18"]
[Round "11.2"]
[White "Fridman, Daniel"]
[Black "Pultinevicius, Paulius"]
[Result "1/2-1/2"]
[WhiteTitle "GM"]
[BlackTitle "GM"]
[WhiteElo "2602"]
[BlackElo "2561"]
[WhiteFideId "11600454"]
[BlackFideId "12809390"]
[EventDate "2022.12.17"]

1. Nf3 d5 2. g3 Nd7 3. d4 Nb6 4. a4 a5 5. b3 Bf5 6. Ba3 Nd7 7. Bg2 e6 8. Bxf8
Nxf8 9. c4 Nf6 10. Nc3 c6 11. O-O Ne4 12. Rc1 1/2-1/2

[Event "European Rapid 2022"]
[Site "Katowice POL"]
[Date "2022.12.18"]
[Round "11.3"]
[White "Gavrilescu, David"]
[Black "Santos Latasa, Jaime"]
[Result "0-1"]
[WhiteTitle "IM"]
[BlackTitle "GM"]
[WhiteElo "2522"]
[BlackElo "2668"]
[WhiteFideId "1227190"]
[BlackFideId "2293307"]
[EventDate "2022.12.17"]

1. e4 c5 2. Nf3 e6 3. d4 cxd4 4. Nxd4 Nc6 5. Nc3 Qc7 6. Be3 a6 7. a3 b5 8. Nxc6
Qxc6 9. Be2 Bb7 10. O-O Rc8 11. Qd2 Bc5 12. Bf3 Bxe3 13. Qxe3 Qc5 14. Qd2 Ne7
15. Rfd1 Bc6 16. e5 O-O 17. Bxc6 Nxc6 18. Qxd7 Nxe5 19. Qd6 Nc4 20. Qxc5 Rxc5
21. b4 Rc6 22. Ne4 Nb2 23. Rd6 Rfc8 24. Rxc6 Rxc6 25. Nc5 g6 26. g3 a5 27. Kf1
a4 28. Ke2 Nc4 29. Ne4 f5 30. Nd2 Nb6 31. Rc1 e5 32. f3 Kf7 33. Kd3 Ke6 34. c3
Rd6+ 35. Ke2 Rd8 36. h4 Rd7 37. Rc2 Rc7 38. Rc1 Kd5 39. Rd1 Nc4 40. Ne4+ Kc6 41.
Nd2 Kd5 42. Ne4+ Ke6 43. Nc5+ Kf7 44. Ra1 Rc8 45. Rd1 Rc7 46. Ra1 Ke7 47. Ke1
Rc6 48. Ke2 Rd6 49. Ra2 Rd5 50. Na6 Kd7 51. Nc5+ Ke7 52. Na6 Kd6 53. Nc5 h5 54.
Nb7+ Kc6 55. Nc5 Rd6 56. Nd3 e4 57. fxe4 fxe4 58. Nc5 Kd5 59. Nb7 Rf6 60. Ra1
Rf3 61. Rd1+ Ke5 62. Na5 Re3+ 63. Kf2 Rxc3 64. Nc6+ Kf6 65. Rd8 e3+ 66. Kf3 Nd2+ 0-1

[Event "European Rapid 2022"]
[Site "Katowice POL"]
[Date "2022.12.18"]
[Round "11.4"]
[White "Grandelius, Nils"]
[Black "Samunenkov, Ihor"]
[Result "1-0"]
[WhiteTitle "GM"]
[BlackTitle "IM"]
[WhiteElo "2660"]
[BlackElo "2488"]
[WhiteFideId "1710400"]
[BlackFideId "14187086"]
[EventDate "2022.12.17"]

1. e4 c6 2. d4 d5 3. exd5 cxd5 4. Bd3 Nf6 5. h3 Nc6 6. c3 e5 7. dxe5 Nxe5 8. Nf3
Nxd3+ 9. Qxd3 Bd6 10. O-O O-O 11. Be3 Re8 12. Nbd2 Ne4 13. Rad1 Bf5 14. Qb5 Re7
15. Nxe4 Bxe4 16. Ng5 a6 17. Qb3 Qc7 18. Nxe4 dxe4 19. Rd5 Bh2+ 20. Kh1 Bf4 21.
Qb6 Qxb6 22. Bxb6 Rae8 23. g3 Be5 24. Rfd1 f5 25. Rd7 Rf7 26. Bc5 Rxd7 27. Rxd7
b5 28. Kg2 Re6 29. h4 h5 30. Kf1 Kh7 31. Ke2 Kg6 32. Ke3 Rc6 33. Bd4 Rd6 34. Ra7
Bxd4+ 35. cxd4 Kf6 36. a3 g5 37. hxg5+ Kxg5 38. Ra8 Kf6 39. Kf4 Rxd4 40. Rxa6+
Ke7 41. Kxf5 Rd2 42. b4 Rxf2+ 43. Kxe4 Rg2 44. Kf4 Rf2+ 45. Ke3 Rg2 46. Kf3 Ra2
47. Ra5 Kf6 48. Ke4 Rg2 49. Kf4 Rf2+ 50. Ke3 Rg2 51. Kf3 Ra2 52. Ke4 Rg2 53.
Rxb5 Rxg3 54. Rxh5 Rxa3 55. Kd5 Rc3 56. Rh7 Rc2 57. b5 Rd2+ 58. Kc6 Ke6 59. b6
Rc2+ 60. Kb7 Kd6 61. Kb8 Rb2 62. b7 Rc2 63. Rh6+ Kd7 64. Ka7 Ra2+ 65. Ra6 1-0

[Event "European Rapid 2022"]
[Site "Katowice POL"]
[Date "2022.12.18"]
[Round "11.5"]
[White "Huzman, Alexander"]
[Black "Lagarde, Maxime"]
[Result "0-1"]
[WhiteTitle "GM"]
[BlackTitle "GM"]
[WhiteElo "2526"]
[BlackElo "2584"]
[WhiteFideId "2803828"]
[BlackFideId "662399"]
[EventDate "2022.12.17"]

1. Nf3 f5 2. g3 Nf6 3. Bg2 g6 4. O-O Bg7 5. d4 O-O 6. b3 b6 7. Ne5 Ne4 8. Bb2
Bb7 9. e3 d6 10. Nd3 c5 11. c4 e6 12. Qc2 cxd4 13. exd4 Nc6 14. Nf4 Qd7 15. Rd1
d5 16. Na3 Rac8 17. Qe2 Rfe8 18. Rac1 Ba6 19. Nb5 Bxb5 20. cxb5 Nxd4 21. Bxd4
Rxc1 22. Rxc1 Bxd4 23. Bxe4 fxe4 24. Rc6 Qf7 25. h4 e5 26. Nh3 Rf8 27. b4 Qf5
28. g4 Qd7 0-1

[Event "European Rapid 2022"]
[Site "Katowice POL"]
[Date "2022.12.18"]
[Round "11.6"]
[White "Keinanen, Toivo"]
[Black "Deac, Bogdan-Daniel"]
[Result "1/2-1/2"]
[WhiteTitle "IM"]
[BlackTitle "GM"]
[WhiteElo "2508"]
[BlackElo "2700"]
[WhiteFideId "509825"]
[BlackFideId "1226380"]
[EventDate "2022.12.17"]

1. d4 Nf6 2. Nf3 d5 3. e3 Bf5 4. Bd3 e6 5. O-O Nbd7 6. c4 Bxd3 7. Qxd3 dxc4 8.
Qxc4 c5 9. b3 Rc8 10. Bb2 Be7 11. Nbd2 O-O 12. Rfd1 a6 13. Rac1 h6 14. dxc5 Rxc5
15. Qd3 Qb8 16. Ne4 Rd5 17. Nxf6+ Bxf6 18. Qe2 Bxb2 19. Qxb2 Rxd1+ 20. Rxd1 Nf6
21. h3 Rc8 22. Rc1 Rd8 23. Qe5 Ne8 24. Qxb8 Rxb8 25. Kf1 Kf8 26. Ke2 Ke7 27. Nd2
Nd6 28. Kd3 Rd8 29. Rc7+ Ke8 30. Kc2 Rd7 31. Rxd7 Kxd7 32. Kd3 Kc6 33. Nc4 Nxc4
34. Kxc4 e5 35. e4 h5 36. h4 f6 37. f3 g5 38. g3 b5+ 39. Kc3 a5 40. a3 Kd6 41.
b4 a4 42. Kd3 gxh4 43. gxh4 Ke6 44. Ke3 Kd6 45. Kd3 Ke6 46. Ke3 Ke7 47. Ke2 Kf7
48. Kf2 Kg8 49. Kg1 Kh8 50. Kh1 Kg7 51. Kg2 Kf8 52. Kf1 Ke7 53. Ke2 Kd8 54. Kd1
Kc7 55. Kc2 Kb8 56. Kb1 Ka8 57. Ka1 Kb7 58. Kb2 Kc6 59. Kc3 Kd6 60. Kd3 Ke6 61.
Ke3 Ke7 62. Ke2 Kf7 63. Kf2 1/2-1/2

[Event "European Rapid 2022"]
[Site "Katowice POL"]
[Date "2022.12.18"]
[Round "11.7"]
[White "Mastrovasilis, Dimitrios"]
[Black "Drozdowski, Kacper"]
[Result "0-1"]
[WhiteTitle "GM"]
[BlackTitle "IM"]
[WhiteElo "2605"]
[BlackElo "2448"]
[WhiteFideId "4202694"]
[BlackFideId "1136720"]
[EventDate "2022.12.17"]

1. e4 c5 2. Nf3 e6 3. c4 Nc6 4. d4 cxd4 5. Nxd4 Nf6 6. Nc3 Bb4 7. Nxc6 dxc6 8.
Qxd8+ Kxd8 9. e5 Nd7 10. Bf4 f6 11. O-O-O Ke7 12. exf6+ gxf6 13. Ne4 e5 14. Be3
b6 15. a3 Bc5 16. Nxc5 Nxc5 17. b4 Ne6 18. g3 c5 19. Bg2 Rb8 20. f4 Bb7 21. Bxb7
Rxb7 22. fxe5 fxe5 23. Kb2 Nd4 24. Rhf1 Ke6 25. Bg5 Rf7 26. Rxf7 Kxf7 27. Rf1+
Kg6 28. h4 h6 29. Be3 h5 30. Kc3 Re8 31. bxc5 bxc5 32. Rb1 Kf5 33. Rb7 Ke4 34.
Bg5 Rf8 35. Rxa7 Rf3+ 36. Kb2 Rf2+ 37. Kb1 Kd3 38. a4 Kc3 39. Bd8 Rf1+ 40. Ka2
Nb3 41. Ba5+ Kc2 0-1

[Event "European Rapid 2022"]
[Site "Katowice POL"]
[Date "2022.12.18"]
[Round "11.8"]
[White "Azarov, Sergei"]
[Black "Dvirnyy, Danyyil"]
[Result "1-0"]
[WhiteTitle "GM"]
[BlackTitle "GM"]
[WhiteElo "2562"]
[BlackElo "2530"]
[WhiteFideId "13501470"]
[BlackFideId "817570"]
[EventDate "2022.12.17"]

1. e4 e6 2. d4 d5 3. Nd2 c5 4. Ngf3 cxd4 5. Nxd4 Nf6 6. exd5 Qxd5 7. Nb5 Na6 8.
Nc3 Qd6 9. a3 Bd7 10. Be2 Be7 11. O-O O-O 12. Nde4 Nxe4 13. Nxe4 Qc7 14. Bd3
Rad8 15. Qf3 f5 16. Nc3 Bc6 17. Qh3 Rd4 18. Qe3 Qd7 19. Qe2 Nc5 20. Be3 Nxd3 21.
cxd3 Rh4 22. f3 Bf6 23. Bf2 Bd4 24. Bxd4 Rxd4 25. Rad1 Qd6 26. Rfe1 Rf6 27. Qe5
Qd8 28. Ne2 Rd5 29. Qe3 e5 30. Nc3 f4 31. Qxa7 Rxd3 32. Qc5 Rxd1 33. Rxd1 Qe8
34. Qc4+ Qe6 35. Rd8+ Kf7 36. Qd3 Rg6 37. Ne4 Bxe4 38. fxe4 Qb6+ 39. Kf1 Re6 40.
b4 h6 41. Rd7+ Kg8 42. Qd5 Kh7 43. Rxb7 Qa6+ 44. b5 Qxa3 45. Qxe6 Qd3+ 46. Ke1
Qxe4+ 47. Kd1 Qxb7 48. Qc6 Qf7 49. b6 Qb3+ 50. Qc2+ 1-0

[Event "European Rapid 2022"]
[Site "Katowice POL"]
[Date "2022.12.18"]
[Round "11.9"]
[White "Saric, Ante"]
[Black "Abdrlauf, Elham"]
[Result "0-1"]
[WhiteTitle "GM"]
[BlackTitle "IM"]
[WhiteElo "2504"]
[BlackElo "2518"]
[WhiteFideId "14506254"]
[BlackFideId "1533533"]
[EventDate "2022.12.17"]

1. Nf3 d5 2. d4 Nf6 3. c4 e6 4. g3 dxc4 5. Qa4+ Nbd7 6. Bg2 Be7 7. Qxc4 O-O 8.
O-O a6 9. Qc2 c5 10. Rd1 Ra7 11. Nc3 b5 12. Bg5 Qb6 13. Ne4 cxd4 14. Rac1 e5 15.
e3 Bb7 16. Bxf6 Nxf6 17. Qc7 Qxc7 18. Rxc7 Bd8 19. Nxf6+ gxf6 20. Rxb7 Rxb7 21.
Nxe5 Rc7 22. Nc6 dxe3 23. fxe3 Be7 24. Kf2 Re8 25. Nd4 Rd8 26. Re1 Bc5 27. Nf5
Rd2+ 28. Re2 Bb4 29. Be4 Rxe2+ 30. Kxe2 Rc1 31. Nd4 Bd6 32. Nc2 Rb1 33. b3 Rb2
34. a4 Rxb3 35. axb5 Rxb5 36. Bd3 Rb6 37. Nd4 a5 38. Bc2 Be5 39. Nf5 Rb4 40.
Ne7+ Kf8 41. Nd5 Rb2 42. Kd3 a4 43. Bxa4 Rxh2 44. g4 f5 45. gxf5 h5 46. Bc6 h4
47. Ke4 f6 48. Nf4 Bxf4 49. Kxf4 Rc2 50. Bf3 Ke7 51. Kg4 Rh2 52. Kf4 Kd6 53. Bb7
Rb2 54. Bf3 h3 55. Kg3 Ke5 56. Kxh3 Rb3 57. Kg4 Rxe3 58. Bb7 Rc3 59. Ba6 Rc6 60.
Bd3 Rc3 61. Ba6 Rc1 62. Bd3 Rd1 63. Bc2 Rd2 64. Bb1 Rb2 65. Bd3 Rb4+ 66. Kh5 Rf4
67. Kg6 Rg4+ 68. Kh5 Rg5+ 69. Kh4 Rxf5 70. Kg3 Rf4 71. Ba6 f5 72. Bb7 Rb4 73.
Bc6 Rb3+ 74. Kf2 Kf4 75. Ke2 Rb2+ 76. Kd3 Kg3 77. Kc3 Rb6 78. Bd5 f4 79. Be4 f3
80. Kd2 f2 81. Ke2 Re6 82. Kf1 Re7 0-1

[Event "European Rapid 2022"]
[Site "Katowice POL"]
[Date "2022.12.18"]
[Round "11.10"]
[White "Bartel, Mateusz"]
[Black "Saraci, Nderim"]
[Result "1-0"]
[WhiteTitle "GM"]
[BlackTitle "IM"]
[WhiteElo "2627"]
[BlackElo "2468"]
[WhiteFideId "1112635"]
[BlackFideId "6351921"]
[EventDate "2022.12.17"]

1. e4 e5 2. Nf3 Nc6 3. Bb5 a6 4. Ba4 g6 5. c3 d6 6. d4 Bd7 7. Be3 Bg7 8. Nbd2
Nf6 9. h3 O-O 10. O-O Re8 11. d5 Ne7 12. c4 b5 13. Bc2 bxc4 14. Nxc4 Bb5 15.
Nfd2 c6 16. dxc6 Bxc6 17. Rc1 Rb8 18. Bb3 Bxe4 19. Nxe4 Nxe4 20. f3 Nc5 21. Bxc5
dxc5 22. Nd6 Rf8 23. Kh1 Qb6 24. Rc2 Nc6 25. Nxf7 Rxf7 26. Bxf7+ Kxf7 27. Qd5+
Kf8 28. f4 Ke7 29. Rxc5 Nd8 30. fxe5 Rb7 31. Rd1 Ra7 32. Rc8 Nf7 33. Rc6 Qb8 34.
Qe6+ 1-0

[Event "European Rapid 2022"]
[Site "Katowice POL"]
[Date "2022.12.18"]
[Round "11.11"]
[White "Kosakowski, Jakub"]
[Black "Maltsevskaya, Aleksandra"]
[Result "1/2-1/2"]
[WhiteTitle "IM"]
[BlackTitle "IM"]
[WhiteElo "2475"]
[BlackElo "2400"]
[WhiteFideId "1185080"]
[BlackFideId "24174041"]
[EventDate "2022.12.17"]

1. e4 c5 2. Nf3 e6 3. d4 cxd4 4. Nxd4 Nf6 5. Nc3 Nc6 6. g3 d6 7. Bg2 Bd7 8. O-O
Be7 9. Nde2 O-O 10. b3 a6 11. Bb2 Qc7 12. Qd2 Rac8 13. Rad1 b5 14. a3 Ne5 15.
Nd4 Nc6 16. Nde2 Ne5 17. h3 a5 18. f4 Nc6 19. Kh2 Qb8 20. a4 bxa4 21. Nxa4 Rfd8
22. Bxf6 Bxf6 23. Qxd6 Qxd6 24. Rxd6 Nb4 25. Nb6 Rxc2 26. Nd4 Rd2 27. Nxd7 Rxd4
28. Nxf6+ gxf6 29. Rxd8+ Rxd8 30. Ra1 Rd3 31. Rxa5 Rxb3 32. e5 fxe5 33. Rxe5 Rb2
34. Re3 Nd5 35. Rd3 Kg7 36. Kg1 Rb1+ 37. Kf2 Rb2+ 38. Kf1 Rb1+ 39. Ke2 Rb2+ 40.
Rd2 Rxd2+ 41. Kxd2 Ne7 42. Ke3 f5 43. g4 fxg4 44. hxg4 h6 45. Kd4 Ng6 46. Ke4
Kf6 47. Bh3 Nxf4 48. Kxf4 e5+ 49. Ke4 h5 50. gxh5 Kg5 51. Bg4 Kh6 1/2-1/2

[Event "European Rapid 2022"]
[Site "Katowice POL"]
[Date "2022.12.18"]
[Round "11.12"]
[White "Bartel, Michal"]
[Black "Stefansson, Hannes"]
[Result "0-1"]
[WhiteTitle "FM"]
[BlackTitle "GM"]
[WhiteElo "2250"]
[BlackElo "2526"]
[WhiteFideId "1119257"]
[BlackFideId "2300087"]
[EventDate "2022.12.17"]

1. e4 c5 2. Ne2 Nc6 3. g3 g6 4. Bg2 Bg7 5. c3 e5 6. d3 Nge7 7. Be3 d6 8. O-O h5
9. h4 Bg4 10. Nd2 b6 11. Nf3 d5 12. Re1 O-O 13. Qd2 Qc7 14. b4 cxb4 15. cxb4
Rad8 16. Qc2 Qd6 17. a3 Rc8 18. Qb3 Kh8 19. Rad1 f6 20. d4 exd4 21. Nfxd4 dxe4
22. Bxe4 Nxd4 23. Bxd4 Qb8 24. Bf3 Bf5 25. Nf4 Bc2 26. Qe6 Rce8 27. Rc1 Bf5 28.
Qb3 Ng8 29. Ne6 Bxe6 30. Rxe6 Rxe6 31. Qxe6 Nh6 32. Be3 Nf5 33. Bf4 Qd8 34. Qd5
Nd4 35. Qb7 Nxf3+ 36. Qxf3 Rf7 37. Kg2 Kh7 38. Qc6 f5 39. Re1 Qd7 40. b5 Qd4 41.
Re6 Bf6 42. Bg5 Bxg5 43. hxg5 Qg7 44. Re8 f4 45. Re6 f3+ 46. Kf1 Qd4 47. Qc2 Rg7
48. a4 Qg4 49. Re3 Rd7 50. Kg1 h4 51. Rd3 Re7 52. Qd1 hxg3 53. Qxf3 Re1+ 54. Kg2
gxf2+ 0-1